| 000 | 00349nam a2200121 a 4500 | ||
|---|---|---|---|
| 005 | 20141022142000.0 | ||
| 008 | 090305s19uu xx 00 eng d | ||
| 050 |
_aVHS _bCOM3 REP |
||
| 245 | _aCommunication Skils at Work: Dealing with Supervisor. | ||
| 650 | _aVHS. | ||
| 650 | _aCommunication Skils at Work: Dealing with Supervisor | ||
| 942 | _cAVM | ||
| 999 |
_c276199 _d276199 |
||